| 000 | 00474cam a2200181ua 4500 | ||
|---|---|---|---|
| 020 | _c1.50 | ||
| 041 |
_amal _h |
||
| 082 |
_a894.812 09 _bBAL/SA |
||
| 100 | _aBalakrishna Pillai, A . | ||
| 245 |
_aSahitya vimarshanangal / _cA Balakrishna Pillai. _hTextual Documents |
||
| 250 |
_a1 / _b. |
||
| 260 |
_aKottayam : _bSahitya Pravarthaka Co-operative Society , _c1959. |
||
| 300 | _a112 ; . | ||
| 365 | _a1.50 | ||
| 504 | _a | ||
| 942 | _cBK | ||
| 999 |
_c6614 _d6614 |
||